Stanovy bytových družstev. Smlouva o sdružení vlastníků bytů. Smlouva o převodu družstevního bytu do vlastnictví Vzory stanov a smluv
Saved in:
| Main Author: | |
|---|---|
| Other Authors: | |
| Format: | Book |
| Language: | Czech |
| Published: |
Praha
Noris
1992
|
| Edition: | 1. vyd. |
| Subjects: | |
| Tags: |
No Tags, Be the first to tag this record!
|
MARC
| LEADER | 00000nam a2200000 4500 | ||
|---|---|---|---|
| 001 | c001938 | ||
| 005 | 20221214090623.0 | ||
| 020 | |a 80-900908-4-2 | ||
| 041 | 0 | |a cze | |
| 044 | |a CZ | ||
| 245 | 1 | 0 | |a Stanovy bytových družstev. Smlouva o sdružení vlastníků bytů. Smlouva o převodu družstevního bytu do vlastnictví |b Vzory stanov a smluv |c Jaroslav Oehm, Michael Marčák |
| 250 | |a 1. vyd. | ||
| 264 | 1 | |a Praha |b Noris |c 1992 | |
| 300 | |a 147 s. | ||
| 610 | 2 | 0 | |a stanovy vzorové |
| 610 | 2 | 0 | |a družstvá bytové |
| 610 | 2 | 0 | |a vlastníctvo |
| 610 | 2 | 0 | |a vlastníctvo súkromné |
| 610 | 2 | 0 | |a byty |
| 610 | 2 | 0 | |a priestory nebytové |
| 100 | 1 | |a Oehm, Jaroslav | |
| 700 | 1 | |a Marčák, Michael | |